Statistics for Countries not bordering landlocked countries

Click here to take the quiz!

General Stats

  • This quiz has been taken 139 times
    (73 since last reset)
  • The average score is 53 of 68

Answer Stats

Answer% Correct
United States
100%
Costa Rica
99%
Panama
99%
Canada
97%
United Kingdom
97%
Norway
96%
Finland
94%
Haiti
94%
Ireland
94%
Mexico
94%
Oman
94%
South Korea
94%
Sweden
94%
Denmark
93%
Dominican Republic
93%
Indonesia
93%
United Arab Emirates
93%
Guyana
91%
Portugal
91%
Yemen
91%
Honduras
90%
Malaysia
90%
Nicaragua
90%
Venezuela
90%
Colombia
88%
Estonia
88%
Guatemala
88%
Suriname
88%
Belize
87%
Ecuador
87%
El Salvador
87%
North Korea
87%
Qatar
87%
Egypt
85%
East Timor
82%
Israel
81%
Kuwait
81%
Iraq
79%
Papua New Guinea
79%
Tunisia
79%
Lebanon
78%
Brunei
75%
Netherlands
75%
Saudi Arabia
75%
Uruguay
75%
Gambia
73%
Syria
72%
Morocco
69%
Equatorial Guinea
67%
Guinea-Bissau
67%
San Marino
66%
Vatican City
64%
Jordan
63%
Lesotho
63%
Bangladesh
61%
Liberia
61%
Eswatini
60%
Sierra Leone
60%
Gabon
58%
Monaco
57%
Luxembourg
55%
Andorra
52%
Bhutan
48%
Nepal
48%
Moldova
45%
Mongolia
43%
Laos
39%
Belarus
34%

Score Distribution

Percentile by Number Answered

Percent of People with Each Score

Your Score History

You have not taken this quiz since the last reset